Affective computing

Furkejuvvon:
Bibliográfalaš dieđut
Váldodahkki: Picard, Rosalind W (Dahkki)
Materiálatiipa: Girji
Giella:espánnjágiella
Almmustuhtton: Cambridge The MIT Press 2000
Fáttát:
Fáddágilkorat: Lasit fáddágilkoriid
Eai fáddágilkorat, Lasit vuosttaš fáddágilkora!

MARC

LEADER 00000nam a2200000 a 4500
001 UCI5682
003 CL-VaPUC
008 080404e20000000US |||||||||||||||||spa|d
020 |a 0262661152 
082 0 4 |a 004.01  |b PIC  |2 21 
100 0 |a Picard, Rosalind W  |e author  |9 528237 
245 1 0 |a Affective computing 
300 |a 292 p 
942 |c BK 
945 |d 20080404 00:00:00  |a jtorresc 
260 |a Cambridge  |b The MIT Press  |c 2000 
650 7 |a SISTEMA DE COMPUTADORES  |2 CL-VaPUC  |9 528238 
650 7 |a INTERFACE DE REDES  |2 CL-VaPUC  |9 528239 
583 |a last modification  |c 20080404 00:00:00  |k Rodrigo Vera 
999 |c 329403  |d 329401 
952 |0 0  |1 0  |4 0  |6 004_010000000000000_PIC_2000  |7 0  |8 A  |9 414008  |a FDOPOS  |b FDOPOS  |d 2019-11-22  |i 4423291  |o 004.01 PIC 2000  |p 4423291  |r 2025-01-22  |w 2019-11-22  |y BK  |k MLA